| 000 | 01244cam a22002894a 4500 | ||
|---|---|---|---|
| 001 | 15501364 | ||
| 003 | OSt | ||
| 005 | 20150408114046.0 | ||
| 008 | 120623s2010 paua 000 0 eng | ||
| 010 | _a | ||
| 020 | _a9780808924036 | ||
| 040 | _cMU | ||
| 082 |
_221 _a611.0076 _bG R A |
||
| 245 | 1 | 0 |
_aGray's anatomy review / _cMarios Loukas ... [et al.]. |
| 260 |
_aPhiladelphia : _bChurchill Livingstone/Elsevier, _cc2010. |
||
| 300 |
_axi, 269 p. : _bill.. (some col.) ; _c28 cm. |
||
| 500 | _aQuestions in this review are correlated with the textbook Gray's anatomy for students and with Gray's atlas of anatomy. | ||
| 505 | 0 | _aBack -- Thorax -- Abdomen -- Pelvis and perineum -- Lower limb -- Upper limb -- Head and neck. | |
| 650 | 4 |
_aHuman anatomy _vExaminations, questions, etc. _916157 |
|
| 650 | 4 |
_aAnatomy _vExamination Questions. _916158 |
|
| 700 | 1 |
_aLoukas, Marios. _916159 |
|
| 730 | 0 |
_aGray's anatomy for students. _916160 |
|
| 730 | 0 |
_aGray's atlas of anatomy. _916161 |
|
| 906 |
_a7 _bcbc _corignew _d1 _eecip _f20 _gy-gencatlg |
||
| 942 |
_2ddc _cDVD |
||
| 999 |
_c24228 _d258728 |
||